000 00347nam a2200145Ia 4500
008 230917s9999||||xx |||||||||||||| ||und||
040 _e71750
_aMAIN
041 _aEnglish
082 _a514 H873T
100 _aHuggett, Stephen
245 2 _aA topological operitif
260 _aLondon
_bSpringer
_c2001
300 _aviii, 166 p.
942 _cBK
999 _c107632
_d107632